01167nam a22001577a 4500003000900000005001700009008004100026040001300067100002000080245004600100260007900146300001900225490010400244500013000348520053100478IT-RoPau20220918181222.0141007b xxu||||| |||| 00| 0 eng d cIT-RoPau aDal Molin, Nico aCammini di SperanzabPer liberare la vita aCastelgandolfo (Roma)bCentro Sussidi Vocazionali (Suore Apostoline)c1996 a107 pp.c20 cm aCentro Sussidi Vocazionali (Suore Apostoline)v2° Vol. - Supplemento a Se vuoi 5/1996 - Anno XXXVI aA quelle presenze amiche, attente e discrete che mi hanno insegnato a guardare in alto... a cercare e ad invocare la Speranza aIndice Prefazione Presentazione Speranza: la ricerca… l’attesa Alle radici della Speranza La Speranza: un cammino, una lotta, un rischio Dimmi come vivi e ti dirò chi sei Pietre d’inciampo sulla via della Speranza La Speranza nasce da un cuore in pace Un’amicizia per camminare sui sentieri della Speranza Cerchi la Speranza? Troverai Libertà La Speranza mette radici nella Fedeltà La Speranza matura nel silenzio Dal dolore può nascere la Speranza Per far crescere in noi la Speranza Lampionai della Speranza